000 00518nam a2200181 i 4500
001 23923
003 ES-MaACL
005 20240505063018.0
007 t|
008 021213s1965 sp ||||1| spa d
100 0 _aAnsón, Luis María,
_d1935-
_921849
245 1 3 _aEl grito de Oriente /
_cLuis María Ansón.
260 _aMadrid :
_bRevista de Occidente,
_c1965.
300 _a272 p. ;
_c20 cm.
650 4 _aCivilización oriental.
_9142522
852 _aES-MaACL
_jC-27027
999 _c23923
_d23923